00955nam a2200217 a 450000100100000000500170001000800410002704000250006808200200009310000350011324500850014826000350023330000220026859000270029065000290031765000310034691000370037795201880041495201180060299900170072000003245020240412074256.0110718s1978 dr 000 j spa d aDO-SdBNPbspacBNPHU aRD863.44bM313s1 aMarcallé Abreu, Roberto986210aSábado de sol después de las lluvias :brelatos /cRoberto Marcallé Abreu. aSanto Domingo :b[s.n],c1978. a1934 p. ;c19 cm. aInventariado, 2020 /LP 0aCuentos dominicanos9176 0aLiteratura dominicana.967 aValidado. Control de calidad MFF 0010718PDaPDbPDcHDd2011-07-18iLF1l0oRD863.44 M313sp32450-10r2020-06-25w2020-06-25yLFPDzPerteneció a la biblioteca nacional de Aida Cartagena PortalatínZNo se presta 0010718PDaPDbPDcHDd2013-07-05iLF1l0oRD863.44 M313sp32450-20r2020-06-25w2020-06-25yLFPDZNo se presta c31941d31941